| 000 | 01399nam a22002537a 4500 | ||
|---|---|---|---|
| 999 |
_c22104 _d22104 |
||
| 003 | AR-CdUCM | ||
| 008 | 190425b ||||| |||| 00| 0 spa d | ||
| 040 |
_aMUNICIPALIDAD PROVINCIAL DEL CUSCO _cBIBLIOTECA MUNICIPAL DEL CUSCO |
||
| 082 | _aRev.Derecho/N°87/1939 | ||
| 110 |
_aColegio de abogados del Cuzco _947449 |
||
| 245 |
_aRevista del Derecho : _bórgano del colegio de abogados / _cColegio de abogados del Cuzco |
||
| 260 |
_aCusco : _bH.G. Rozas, _c1939. |
||
| 300 |
_a154 páginas. : _c25 cm. |
||
| 440 |
_aRevista del Derecho órgano del colegio de abogados. _nAño XVII, abril de 1939, N°87 _947450 |
||
| 505 | _aContenido: Contribución a la solución del problema indígena. Wenceslao Mujica. -- Relación de cuestiones nuevas promovidas en 2° instancia. César A. Muñiz. -- La incorporación jurídica del indio. Rafael Lechuga. -- La anotación en las demandas en los registros públicos. -- Las comunidades indígenas. Jorge Cornejo Bouroncle. -- El plebiscito en las comunidades indígenas. Alfredo Rodríguez. -- La Ciencia. Pío Benjamín Diaz. -- Homenaje al Inca Garcilaso de la Vega. | ||
| 650 |
_aLegislación del trabajo _930756 |
||
| 650 |
_aComunidades indígenas _93290 |
||
| 650 |
_aAborígenes peruanos _929820 |
||
| 650 |
_aDerecho Social _946681 |
||
| 700 |
_aMuñiz, Cesar _945904 |
||
| 700 |
_aMujica, Wenceslao _947451 |
||
| 942 |
_2ddc _cPP |
||
| 945 | _arac | ||